000 01075nam a22002057a 4500
003 OSt
005 20171005094605.0
008 150409b2013 slv spa
040 _cCRI
082 _a004
100 _940940
_aAlfaro Esperanza, Carmen Aracely
245 1 0 _aUtilización de las tecnologías de la información y comunicación (TIC´S) en la enseñanza de la asignatura de informática de Bachillerato General en los institutos de Sensuntepeque, Departamento de Cabañas
_b: Investigación
_cCarmen arecely Alfaro Esperanza, Felicita del Socorro Maradiaga Leiva
260 _aIlobasco (Cabañas)
_bUniversidad Católica de El Salvador Centro Regional de Ilobasco
_c2014
300 _a61 p.
_c27.5 cm
_e+ 1 disco compacto
502 _aPara optar al título de Ingeniero en Sistemas Informáticos
650 0 _92268
_aNuevas tecnologías de la información y de la comunicación
700 _940942
_aMaradiaga Leiva, Felicita del Socorro
710 _940915
_aUniversidad Católica de El Salvador
_bCentro Regional de Ilobasco
942 _2ddc
_cTG
_hprozim
999 _c27434
_d27434